00628cam a2200169 i 4500020002500000041000800025082001700033100002600050245004500076260005100121300004200172650002800214942000700242952009600249952009600345999001700441 a9780801039874 (pbk.) aENG00a232.908bMCD1 aMcDonald, Lee Martin,14aThe story of Jesus in history and faith  aUnited States of AmericabBaker Academicc2013 axx, 393 pages :billustrations, map ; aHistory of Jesus Christ cBK 00104070aHMIbHMIcGENd2018-11-23l0o232.908 MCDp11003950r2026-01-16w2026-01-16yBK 00104070aHMIbHMIcGENd2018-11-23l0o232.908 MCDp11003949r2026-01-16w2026-01-16yBK c22549d22549